Chinese Dynasty by Map Quiz - Statistics

General Stats
  • This quiz has been taken 221 times
  • The average score is 7 of 12
Answer Stats
Picture Hint Answer % Correct
Qing (AD 1765)
85%
green area Yuan (AD 1309)
83%
Tang (AD 670)
72%
Ming (AD 1582)
70%
Western Zhou (ca 1040 BC)
70%
Eastern Han (AD 189)
61%
Three Kingdoms (AD 229)
60%
red area Eastern Jin (AD 369)
50%
Qin (214 BC)
50%
red area Southern Song (AD 1142)
45%
red area Northern Song (AD 1044)
37%
Sui (AD 609)
36%
No matching quizzes found
Score Distribution
Percent of People with Each Score
Percentile by Number Answered
Your Score History
You have not taken this quiz